01859agaaa2200301 45000010005000000030009000050050017000140070009000310080040000400400023000800410013001031000049001161300033001652400039001982450211002372460032004482500022004802600132005023000034006345080161006685110086008295200438009155380016013535460013013696500056013827000058014387000061014967327IT-RoPAU20220918181229.0d cvaizq50131s9999||||xx ||| | || ||und|| aIT-RoPAUcIT-RoPAU aITALIANO aRouffio JacquesgCodice regista SPICS: 17194 aSIGNORA E' DI PASSAGGIO (LA) aPASSANTE DU SANS SOUCI (LA)gT0018 aSIGNORA E' DI PASSAGGIO (LA)cProdotto da: Danon Raymond -- Sceneggiatura: Rouffio Jacques Kirsner Jacques -- Diretto da: Rouffio JacquespSIGNORA E' DI PASSAGGIO (LA) (Rif. Codice opera principale : 37327) aPASSANTE DU SANS SOUCI (LA) aEdizione Standard aBERLINO (FRANCIA - GERMANI)bELEPHANT FILM AZ - GMBH COKG / Distribuzione: RAIg"1982 (1° ed.: 1986 ; Ed. Lingua Orig.: 1982)" aVHSbsonoro, col.c110 minuti a"Fotografia: Penzer Jean; Montaggio: Ruiz Anna; Musica: Delerue Georges; Sceneggiatura: Rouffio Jacques Kirsner Jacques; Scenografia: Caziot Jean Jacques; " a"Piccoli Michel; Schneider Romy; Griem Helmut; Carriere Mathieu; Werner Wendelin" aBAUMSTEIN UN RICCO INDUSTRIALE EBREO UCCIDE A SANGUE FREDDO L'AMBASCIATOREDEL PARAGUAY DA LUI RICONOSCIUTO COME EX-UFFICIALE NAZISTA DURANTE IL PROCESSO SI RIEVOCANO LE FASI DELLA TORMENTATA VITA DI BAUMSTEIN E DELLA FAMIGLIA CHE LO AVEVA OSPITATO DURANTE IL NAZISMO BAUMSTEIN VIENE CONDANNATO A SOLI CINQUE ANNI CON LA CONDIZIONALE MA SEI MESI DOPO VIENE UCCISO CON SUA MOGLIE DA FANATICI NEONAZISTI FILM DRAMMATICO IN BIANCO E NERO aPAL, STEREO aITALIANO aDRAMMATICOeFILMS [VHS]xCodice MATERIA SPICS: 9960 aDelerue Georgese(musica)gCodice Musica SPICS: 10858 aRouffio Jacques e(regista)gCodice regista SPICS: 17194